MARC details
| 000 -LEADER |
| fixed length control field |
01010nam a22002657a 4500 |
| 003 - CONTROL NUMBER IDENTIFIER |
| control field |
OSt |
| 005 - DATE AND TIME OF LATEST TRANSACTION |
| control field |
20251210032506.0 |
| 008 - FIXED-LENGTH DATA ELEMENTS--GENERAL INFORMATION |
| fixed length control field |
251210b |||||||| |||| 00| 0 eng d |
| 020 ## - INTERNATIONAL STANDARD BOOK NUMBER |
| International Standard Book Number |
9718581755 |
| 040 ## - CATALOGING SOURCE |
| Original cataloging agency |
DWCL -Main |
| Transcribing agency |
OC |
| 082 ## - DEWEY DECIMAL CLASSIFICATION NUMBER |
| Classification number |
Prof. 025.1 B928m 2004 |
| 100 ## - MAIN ENTRY--PERSONAL NAME |
| Personal name |
Buenrostro, Juan C., Jr. |
| Relator term |
Author |
| 245 ## - TITLE STATEMENT |
| Title |
More than books : |
| Remainder of title |
perspectives on the management of information resources and services in libraries / |
| Statement of responsibility, etc. |
Juan C. Buenrostro, Jr. |
| 260 ## - PUBLICATION, DISTRIBUTION, ETC. |
| Place of publication, distribution, etc. |
Quezon City, Philippines: |
| Name of publisher, distributor, etc. |
Great Books Trading, |
| Date of publication, distribution, etc. |
c2004. |
| 300 ## - PHYSICAL DESCRIPTION |
| Extent |
viii, 306 p.: |
| Other physical details |
ill.; |
| Dimensions |
22 cm. |
| 504 ## - BIBLIOGRAPHY, ETC. NOTE |
| Bibliography, etc. note |
Includes bibliographic references and index. |
| 650 ## - SUBJECT ADDED ENTRY--TOPICAL TERM |
| Topical term or geographic name entry element |
1. Filipiniana Materials. |
| 650 ## - SUBJECT ADDED ENTRY--TOPICAL TERM |
| Topical term or geographic name entry element |
2. Government documents. |
| 650 ## - SUBJECT ADDED ENTRY--TOPICAL TERM |
| Topical term or geographic name entry element |
3. Information Management -- Philippines. |
| 650 ## - SUBJECT ADDED ENTRY--TOPICAL TERM |
| Topical term or geographic name entry element |
4. Library administration -- Philippines. |
| 650 ## - SUBJECT ADDED ENTRY--TOPICAL TERM |
| Topical term or geographic name entry element |
5. Non-Book Materials. |
| 650 ## - SUBJECT ADDED ENTRY--TOPICAL TERM |
| Topical term or geographic name entry element |
6. References and Information Services -- Philippines. |
| 700 ## - ADDED ENTRY--PERSONAL NAME |
| Personal name |
I. Bhagwani, Ernie T. |
| Relator term |
Editor |
| 942 ## - ADDED ENTRY ELEMENTS (KOHA) |
| Source of classification or shelving scheme |
Dewey Decimal Classification |
| Koha item type |
Professional Collections |
| Suppress in OPAC |
No |
| 952 ## - LOCATION AND ITEM INFORMATION (KOHA) |
| -- |
|